| 000 | 00970nam a22003015a 4500 | ||
|---|---|---|---|
| 005 | 20161117122257.0 | ||
| 008 | 161101t2015 enka frb 001 0 eng d | ||
| 020 | _a9780198759980 | ||
| 020 | _a9780198736912 | ||
| 040 |
_aEG-ScBUE _beng _cEG-ScBUE _dEG-ScBUE |
||
| 082 | 0 | 4 |
_a330.015195 _bPES _222 |
| 100 | 1 | _aPesaran, M. Hashem. | |
| 245 | 1 |
_aTime series and panel data econometrics / _cM. Hashem Pesaran. |
|
| 250 | _a1st ed. | ||
| 260 |
_aOxford : _bOxford University Press, _c2015. |
||
| 300 |
_axxvi, 1064 p. : _bill. ; _c25 cm. |
||
| 500 | _aIndex : p. 1036-1064. | ||
| 500 | _aAppendix: p. 939-993. | ||
| 504 | _aBibliography : p. 995-1033. | ||
| 590 | _aSuzan Ashmawy ; revised by Fouad. | ||
| 650 | 7 |
_aEconometrics. _2BUEsh |
|
| 650 | 7 |
_aMacroeconomics _xMathematical models. _2BUEsh |
|
| 650 | 7 |
_aTime-series analysis. _2BUEsh |
|
| 650 | 7 |
_aPanel analysis. _2BUEsh _94326 |
|
| 651 | _2BUEsh | ||
| 653 |
_bBUSECO _cOctober2016 |
||
| 942 | _2ddc | ||
| 999 |
_c22957 _d22929 |
||